|
|
|
|
| LEADER |
00000nab a2200000 ar4500 |
| 001 |
vtls010189284 |
| 003 |
SK-MaSNL |
| 005 |
20260303091601.0 |
| 008 |
101116c2010 xo ||||||||||||00 b|slo |
| 015 |
|
|
|a SNBRB2010/11
|2 snkbucl
|
| 038 |
|
|
|a SNKBUCL
|
| 040 |
|
|
|a SNKBUCL
|b slo
|c SNKBUCL
|e AACR2
|
| 041 |
0 |
|
|a slo
|
| 044 |
|
|
|a xo
|c SK
|
| 080 |
|
|
|a 621.317.7
|2 2001
|
| 100 |
1 |
|
|a Fedor, Pavol
|4 aut
|9 278987
|
| 245 |
1 |
0 |
|a Univerzálny výkonový statický zdroj pre elektrosystémy
|c Pavol Fedor, Daniela Perduková
|
| 300 |
|
|
|b Sch.
|
| 650 |
0 |
7 |
|a elektroenergetické systémy
|2 snkbucl
|9 1099995
|
| 650 |
0 |
7 |
|a tepelná spúšť ističov
|2 snkbucl
|9 1099996
|
| 650 |
0 |
7 |
|a testovanie
|2 snkbucl
|9 277941
|
| 650 |
0 |
7 |
|a napájacie zdroje
|2 snkbucl
|9 84920
|
| 700 |
1 |
|
|a Perduková, Daniela
|4 aut
|9 12670
|
| 773 |
0 |
|
|t Transfer
|g Roč. II., č. 2 (2010), s. 18-19
|x 1337-9747
|
| 852 |
|
|
|a SNK
|b KIS3GCP
|
| 999 |
|
|
|c 1808335
|d 1810265
|